Emoji Quiz #31 - Statistics

General Stats
  • This quiz has been taken 13 times
  • The average score is 11 of 25
Answer Stats
Hint Answer % Correct
🍪 {cookie}
83%
🥩 cut of {meat}
83%
🥠 {fortune} cookie
75%
🍚 rice {bowl}
75%
🍦 soft {ice} {cream}
75%
🍤 fried {shrimp}
67%
🍨 {ice} {cream}
67%
🍝 {spaghetti}
67%
🍣 {sushi}
67%
🍠 roasted {sweet} {potato}
58%
🍧 shaved {ice}
58%
🥧 {pie}
50%
🍩 {doughnut}
42%
🦪 {oyster}
42%
🍱 {bento} box
33%
🥟 {dumpling}
33%
🥡 {takeout} box
33%
🍛 {curry} rice
17%
🫕 {fondue}
17%
🍙 rice {ball}
17%
🍘 rice {cracker}
17%
🧆 {falafel}
0%
🥮 {moon} cake
0%
🍢 {oden}
0%
🍲 shallow pan of {food}
0%
No matching quizzes found
Score Distribution
Percent of People with Each Score
Percentile by Number Answered
Your Score History
You have not taken this quiz